English sentence structure : english sentences made easy
| Format: | Book |
|---|---|
| Published: |
Subang Jaya :
Pelanduk Publications (M) Sdn Bhd. ,
2002
|
| Subjects: |
MARC
| LEADER | 00000cam a2200000 7i4500 | ||
|---|---|---|---|
| 001 | 0000123723 | ||
| 005 | 20081024.0 | ||
| 020 | |a 9679788415 | ||
| 090 | 0 | 0 | |a 428.2 |b ENG |
| 245 | 0 | 0 | |a English sentence structure : |b english sentences made easy |
| 260 | |a Subang Jaya : |b Pelanduk Publications (M) Sdn Bhd. , |c 2002 | ||
| 300 | |a 59p. ; |c 21cm. | ||
| 650 | 0 | 0 | |a English language |x Sentences |
| 999 | |a 00217909 |b BUKU |c PINJAMAN |e PERPUSTAKAAN KOMUNITI PETALING JAYA | ||